Horizontálny prístup k sociálnej a verejnej politike

Kvalita života v cieľoch verejnej politiky. Tvorba a riadenie verejných politík. Koordinácia politík.

Guardado en:
Detalles Bibliográficos
Autor principal: Brocková, Ingrid
Formato: Capítulo de libro
Lenguaje:eslovaco
Materias:
Etiquetas: Agregar Etiqueta
Sin Etiquetas, Sea el primero en etiquetar este registro!

MARC

LEADER 00000nla a2200000 4500
001 0206141
005 20240417075059.8
041 0 |a slo 
044 |a SK 
245 1 0 |a Horizontálny prístup k sociálnej a verejnej politike  |c Ingrid Brocková 
520 |a Kvalita života v cieľoch verejnej politiky. Tvorba a riadenie verejných politík. Koordinácia politík. 
610 2 0 |a politika verejná 
610 2 0 |a kvalita života 
610 2 0 |a monitoring 
610 2 0 |a blahobyt 
610 2 0 |a regulácia 
100 1 |a Brocková, Ingrid